Microcontrolador PIC16F84: desarrollos y proyectos

Guardat en:
Dades bibliogràfiques
Autors principals: Palacios Municio, Enrique (autor), Remiro Domínguez, Fernando (Autor), López Pérez, Lucas J (Autor)
Format: Llibre
Idioma:espanyol
Publicat: Madrid Alfaomega 2006
Edició:2a. ed
Matèries:
Etiquetes: Afegir etiqueta
Sense etiquetes, Sigues el primer a etiquetar aquest registre!

MARC

LEADER 00000nam a2200000 a 4500
001 UCJ1137
003 CL-VaPUC
008 060929e20060000SP |||||||||||||||||spa|d
020 |a 9701511743 
082 0 4 |a 621.395  |b PAL  |2 21 
100 |a Palacios Municio, Enrique  |e autor  |9 501682 
700 0 |a Remiro Domínguez, Fernando  |e author  |9 501683 
700 0 |a López Pérez, Lucas J  |e author  |9 501684 
245 1 0 |a Microcontrolador PIC16F84: desarrollos y proyectos 
250 |a 2a. ed 
300 |a 623 p 
942 |c BK 
945 |d 20060929 00:00:00  |a jtorresc 
260 |a Madrid  |b Alfaomega  |c 2006 
500 |a Incluye un cd-rom 
650 7 |a MICROSHIPS  |2 CL-VaPUC  |9 501685 
650 7 |a DISEÑO DE HARDWARE  |2 CL-VaPUC  |9 466077 
650 7 |a MICROELECTRONICA  |2 CL-VaPUC  |9 271910 
650 7 |a COMPUTADORES-MICROCONTROLADOR  |2 CL-VaPUC  |9 501686 
650 7 |a DISEÑO DE HARDWARE  |2 CL-VaPUC  |9 466077 
650 7 |a MICROELECTRONICA  |2 CL-VaPUC  |9 271910 
583 |a last modification  |c 20060929 00:00:00  |k Rodrigo Vera 
999 |c 317848  |d 317846 
952 |0 0  |1 0  |2 ddc  |4 0  |6 621_395000000000000_PAL_2006  |7 0  |8 A  |9 394840  |a BIBING  |b BIBING  |c RES  |d 2019-11-22  |i 4281624  |l 1  |o 621.395 PAL 2006  |p 4281624  |r 2025-01-20  |s 2024-06-19  |w 2019-11-22  |y BK  |k EIE